| 000 | 01191cab a22002295a 4500 | ||
|---|---|---|---|
| 001 | L154063 | ||
| 008 | 111011s2011 xxka f 000 0 eng d | ||
| 035 | _a(Sirsi) u154063 | ||
| 041 | 0 | _aeng | |
| 110 |
_aChartered Institution of Civil Engineering Surveyors _95939 |
||
| 245 | 0 | 0 |
_aAdjudication provisions under the new construction act _bThe Local Democracy, Economic Development and Construction Act 2009, part 2 |
| 260 | _c2011 | ||
| 490 |
_aCivil Engineering Surveyor _vOctober 2011, 23-25(3) |
||
| 520 | _aPart of a series of articles looking at adjudication and payment, how they have been considered and adopted in the Local Democracy, Economic Development and Construction Act 2009 and what they mean to the construction industry in practice. This article looks at adjudication provisions under the LDEDCA. | ||
| 590 | _aKA | ||
| 650 | 2 | 4 | _aLOCAL DEMOCRACY, ECONOMIC DEVELOPMENT AND CONSTRUCTION ACT 2009 |
| 650 | 2 | 4 | _aHOUSING GRANTS, CONSTRUCTION AND REGENERATION ACT 1996 |
| 651 | 4 |
_aEngland and Wales _y1543- |
|
| 690 | _aBUILT ENVIRONMENT-CONSTRUCTION MANAGEMENT-BUILDING CONTRACT ADMINISTRATION | ||
| 690 | _aBUILT ENVIRONMENT-CONSTRUCTION MANAGEMENT | ||
| 942 | _n0 | ||
| 999 |
_c83474 _d83474 |
||